[Event "Sao Paulo Carnaval op"]
[Site "Sao Paulo"]
[Date "2020.02.24"]
[Round "5"]
[White "Gazola, Vanessa Ramos"]
[Black "Correa, Aron Antunes"]
[Result "0-1"]
[WhiteElo "1925"]
[BlackElo "2380"]
[PlyCount "78"]
[EventDate "2020.02.22"]
[EventType "swiss"]
[EventRounds "7"]
[EventCountry "BRA"]
[SourceTitle "CBM 195 Extra"]
[Source "ChessBase"]
[SourceDate "2020.05.31"]
[SourceVersion "1"]
[SourceVersionDate "2020.05.31"]
[SourceQuality "1"]

1. d4 d5 2. c4 e6 3. Nc3 f5 4. g3 dxc4 5. Bg2 c6 6. Nf3 Nf6 7. Ne5 Nbd7 8. Nxc4 Be7 9. 0-0 0-0 10. Bf4 Nb6 11. Ne5 Nbd5 12. e3 Qe8 13. Nc4 b5 14. Ne5 Ba6 15. Re1 Nxc3 16. bxc3 Nd5 17. h4 h6 18. h5 Nxc3 19. Qc2 b4 20. Bxc6 Qxh5 21. Bf3 Qe8 22. Nc6 Rc8 23. Nxe7+ Qxe7 24. Qb2 Bc4 25. a3 a5 26. axb4 axb4 27. Ra5 Bd5 28. Bxd5 exd5 29. Rea1 Qe4 30. Bd6 Qf3 31. Bxf8 Ne2+ 32. Kf1 Nxg3+ 33. Ke1 Qh1+ 34. Kd2 Ne4+ 35. Kd3 Nxf2+ 36. Ke2 Qg2 37. Rg1 Qxg1 38. Bc5 Re8 39. Bxb4 Rxe3+ 0-1

[Event "Sao Paulo Carnaval op"]
[Site "Sao Paulo"]
[Date "2020.02.23"]
[Round "3"]
[White "Rodrigues, Leonardo De Miranda"]
[Black "Correa, Aron Antunes"]
[Result "1/2-1/2"]
[WhiteElo "2134"]
[BlackElo "2380"]
[PlyCount "96"]
[EventDate "2020.02.22"]
[EventType "swiss"]
[EventRounds "7"]
[EventCountry "BRA"]
[SourceTitle "CBM 195 Extra"]
[Source "ChessBase"]
[SourceDate "2020.05.31"]
[SourceVersion "1"]
[SourceVersionDate "2020.05.31"]
[SourceQuality "1"]

1. e4 c5 2. Nf3 d6 3. d4 cxd4 4. Nxd4 Nf6 5. Nc3 g6 6. Be3 Bg7 7. Be2 0-0 8. 0-0 Nc6 9. Nb3 a6 10. f4 b5 11. Bf3 Bd7 12. e5 dxe5 13. fxe5 Nxe5 14. Bxa8 Qxa8 15. Bd4 Nc6 16. Bc5 Bf5 17. a3 Qb8 18. Rxf5 gxf5 19. Qf3 Qc8 20. Rf1 Rd8 21. Qxf5 Qxf5 22. Rxf5 e6 23. Rg5 h6 24. Rg3 Nh5 25. Rd3 Rxd3 26. cxd3 Nf4 27. Nc1 Bxc3 28. bxc3 Ne5 29. Be3 Nexd3 30. Nxd3 Nxd3 31. Bxh6 Kh7 32. Be3 f5 33. Kf1 Ne5 34. Ke2 Kg6 35. h3 a5 36. Bc5 Nc4 37. Kf3 e5 38. g4 Nd2+ 39. Ke3 Ne4 40. gxf5+ Kxf5 41. Bb6 a4 42. Kd3 Nd6 43. Be3 Ke6 44. Bc5 Nc4 45. Ke4 Nd2+ 46. Kd3 Nc4 47. Ke4 Nd2+ 48. Kd3 Nc4 1/2-1/2

[Event "Paulista-chT"]
[Site "Sao Paolo"]
[Date "2011.02.27"]
[Round "4.4"]
[White "Piekarski, Atila Balzer"]
[Black "Correa, Aron Antunes"]
[Result "0-1"]
[WhiteElo "2049"]
[BlackElo "2380"]
[PlyCount "46"]
[EventDate "2011.02.26"]
[EventType "team-tourn"]
[EventRounds "7"]
[EventCountry "BRA"]
[SourceTitle "CBM 141 Extra"]
[Source "ChessBase"]
[SourceDate "2011.05.03"]
[SourceVersion "1"]
[SourceVersionDate "2011.05.03"]
[SourceQuality "1"]
[WhiteTeam "CXS II"]
[BlackTeam "Pinheiros"]
[WhiteTeamCountry "BRA"]
[BlackTeamCountry "BRA"]

1. Nf3 b5 2. e4 Bb7 3. Bxb5 Bxe4 4. 0-0 e6 5. Re1 Bg6 6. d4 Nf6 7. d5 c6 8. dxe6 fxe6 9. Bd3 Bh5 10. c4 Be7 11. Nbd2 0-0 12. Qc2 Na6 13. Ng5 Nb4 14. Bxh7+ Kh8 15. Qb1 Ng4 16. Nde4 Nxf2 17. h4 Ng4 18. g3 Qb6+ 19. c5 Bxc5+ 20. Kh1 Nf2+ 21. Kh2 Nbd3 22. Nxf2 Rxf2+ 23. Kh3 Nxe1 0-1

[Event "Paulista-chT"]
[Site "Sao Paulo"]
[Date "2010.02.20"]
[Round "1"]
[White "Jukemura, Leandro"]
[Black "Correa, Aron Antunes"]
[Result "1-0"]
[WhiteElo "2128"]
[BlackElo "2380"]
[PlyCount "75"]
[EventDate "2010.02.20"]
[EventType "team"]
[EventRounds "7"]
[EventCountry "BRA"]
[SourceTitle "EXT 2011"]
[Source "ChessBase"]
[SourceDate "2010.11.26"]
[SourceVersion "1"]
[SourceVersionDate "2010.11.26"]
[SourceQuality "1"]
[WhiteTeam "Ribeirao Preto"]
[BlackTeam "Pinheiros"]
[WhiteTeamCountry "BRA"]
[BlackTeamCountry "BRA"]

1. e4 d6 2. d4 Nf6 3. Nc3 g6 4. Be3 c6 5. f3 Qc7 6. Qd2 e5 7. d5 c5 8. Bb5+ Nbd7 9. Nge2 a6 10. Bxd7+ Bxd7 11. a4 b6 12. g4 Ng8 13. Ng3 h5 14. gxh5 gxh5 15. h4 Be7 16. Bg5 f6 17. Be3 Qc8 18. b3 b5 19. axb5 axb5 20. Rxa8 Qxa8 21. Kf2 Bf8 22. Qd3 b4 23. Nb1 Bh6 24. Bxh6 Nxh6 25. Nd2 Ke7 26. Ndf1 Qe8 27. Ne3 Rg8 28. Rg1 Rg6 29. Qa6 f5 30. Ngxf5+ Nxf5 31. exf5 Rxg1 32. f6+ Kf7 33. Kxg1 Qb8 34. Nc4 Qg8+ 35. Kf2 Qg6 36. Nxd6+ Kg8 37. Qa8+ Kh7 38. Ne4 1-0

[Event "Paulista-chT Interclubes"]
[Site "Sao Paulo"]
[Date "2008.03.??"]
[Round "4"]
[White "Mendes, Diego Silva"]
[Black "Correa, Aron Antunes"]
[Result "0-1"]
[WhiteElo "2062"]
[BlackElo "2380"]
[PlyCount "50"]
[EventDate "2008.03.01"]
[EventType "team-tourn"]
[EventRounds "7"]
[EventCountry "BRA"]
[SourceTitle "EXT 2022"]
[Source "ChessBase"]
[SourceDate "2021.10.06"]
[SourceVersion "1"]
[SourceVersionDate "2021.10.06"]
[SourceQuality "1"]
[WhiteTeam "Aramacan CA"]
[BlackTeam "Pinheiros EC"]
[WhiteTeamCountry "BRA"]
[BlackTeamCountry "BRA"]

1. d4 c5 2. d5 e5 3. e4 Nf6 4. Nc3 d6 5. f4 Qa5 6. Qe2 a6 7. fxe5 dxe5 8. Bg5 b5 9. Bxf6 gxf6 10. g3 c4 11. Bh3 Bxh3 12. Nxh3 Ba3 13. bxa3 Qxc3+ 14. Kf2 h5 15. Kg2 Nd7 16. Raf1 Qb2 17. Nf2 h4 18. Ng4 0-0-0 19. Nxf6 h3+ 20. Kg1 Nc5 21. Rf3 Qc1+ 22. Rf1 Qb2 23. Rd1 Kb7 24. Qf2 Rd6 25. Qxc5 Qxc2 0-1

[Event "Sao Paulo Interclubs Paulista"]
[Site "Sao Paulo"]
[Date "2007.02.25"]
[Round "3"]
[White "Correa, Aron Antunes"]
[Black "Limberg, Estacio Vermelho"]
[Result "1-0"]
[WhiteElo "2380"]
[BlackElo "2255"]
[PlyCount "51"]
[EventDate "2007.02.24"]
[EventType "team"]
[EventRounds "7"]
[EventCountry "BRA"]
[SourceTitle "CBM 117 Extra"]
[Source "ChessBase"]
[SourceDate "2007.05.09"]
[SourceVersion "1"]
[SourceVersionDate "2007.05.09"]
[SourceQuality "1"]

1. c4 c5 2. g3 Nf6 3. Bg2 d5 4. cxd5 Nxd5 5. Nc3 Nxc3 6. bxc3 Nc6 7. Nh3 e5 8. 0-0 Be7 9. f4 exf4 10. Nxf4 0-0 11. Rb1 Qd7 12. Qa4 Qd6 13. d3 Bf6 14. Nd5 Be5 15. d4 Qg6 16. Qxc6 Qxb1 17. Qxc5 Bg4 18. dxe5 Bxe2 19. Bh6 Qxa2 20. Bxg7 Kxg7 21. Qe7 h6 22. Qf6+ Kh7 23. Qf4 Bh5 24. Be4+ Bg6 25. Nf6+ Kg7 26. Ng4 1-0

[Event "BRA-ch62"]
[Site "Brazil"]
[Date "1995.??.??"]
[Round "6"]
[White "Correa, Aron Antunes"]
[Black "Martins, Carlos"]
[Result "1-0"]
[WhiteElo "2375"]
[BlackElo "2355"]
[PlyCount "151"]
[EventDate "1995.??.??"]
[EventType "tourn"]
[EventRounds "11"]
[EventCountry "BRA"]
[EventCategory "5"]
[SourceTitle "EXT 2001"]
[Source "ChessBase"]
[SourceDate "2000.11.22"]
[SourceVersion "1"]
[SourceVersionDate "2000.11.22"]
[SourceQuality "1"]

1. c4 f5 2. Nc3 Nf6 3. d3 e5 4. g3 g6 5. Bg2 Bg7 6. e3 0-0 7. Nge2 d6 8. 0-0 c6 9. Rb1 Be6 10. b4 d5 11. cxd5 cxd5 12. d4 e4 13. a4 g5 14. Ba3 Rf7 15. a5 Nbd7 16. Na4 Nf8 17. Nc5 Bc8 18. Qa4 Rb8 19. b5 Ng6 20. f4 Ng4 21. Bc1 gxf4 22. Nxf4 Nxf4 23. gxf4 Bf8 24. h3 Nf6 25. Bd2 Rg7 26. Be1 Ne8 27. Qa2 b6 28. axb6 axb6 29. Na6 Ra8 30. Bh4 Qd7 31. Rfc1 Bb7 32. Qe2 Rg6 33. Rc2 Qg7 34. Rbc1 Ba3 35. Ra1 Bd6 36. Rac1 Ba3 37. Rb1 Bd6 38. Kh1 Rc8 39. Rxc8 Bxc8 40. Rc1 Bb7 41. Bd8 Ba3 42. Rc3 Bd6 43. Rc2 Be7 44. Bxe7 Qxe7 45. Qf2 Qd7 46. Bf1 Qd8 47. Qe1 Ng7 48. Be2 Ne6 49. Nb4 Nc7 50. Bh5 Rg7 51. Nc6 Qf6 52. Be2 Qh6 53. Kh2 Ne6 54. Qf2 Nf8 55. h4 Qf6 56. h5 Ne6 57. Ne5 Nc7 58. Ra2 Ne8 59. Rc2 Nd6 60. Bf1 Qh6 61. Qh4 Ne8 62. Bh3 Nf6 63. Bxf5 Qxh5 64. Qxh5 Nxh5 65. Nd7 Ng3 66. Be6+ Kh8 67. Rc7 Nf1+ 68. Kh3 Rg6 69. f5 Rh6+ 70. Kg4 Nxe3+ 71. Kg5 Rh1 72. Rxb7 Rg1+ 73. Kf4 Ng2+ 74. Ke5 e3 75. Kf6 h5 76. Nf8 1-0

[Event "BRA-ch62"]
[Site "Brazil"]
[Date "1995.??.??"]
[Round "8"]
[White "Correa, Aron Antunes"]
[Black "Tsuboi, Edson Kenji"]
[Result "0-1"]
[WhiteElo "2375"]
[BlackElo "2335"]
[PlyCount "64"]
[EventDate "1995.??.??"]
[EventType "tourn"]
[EventRounds "11"]
[EventCountry "BRA"]
[EventCategory "5"]
[SourceTitle "EXT 2001"]
[Source "ChessBase"]
[SourceDate "2000.11.22"]
[SourceVersion "1"]
[SourceVersionDate "2000.11.22"]
[SourceQuality "1"]

1. d4 Nf6 2. c4 g6 3. Nc3 d5 4. cxd5 Nxd5 5. e4 Nxc3 6. bxc3 Bg7 7. Nf3 c5 8. Rb1 0-0 9. Be2 cxd4 10. cxd4 Qa5+ 11. Bd2 Qxa2 12. 0-0 Bg4 13. Rxb7 Bxf3 14. Bxf3 Bxd4 15. e5 Na6 16. Rxe7 Rad8 17. Bh6 Bxf2+ 18. Rxf2 Rxd1+ 19. Bxd1 Qa1 20. Bxf8 Qxd1+ 21. Rf1 Qd4+ 22. Rf2 Kxf8 23. Rexf7+ Ke8 24. Rf8+ Ke7 25. R8f7+ Kd8 26. R7f6 Qa1+ 27. Rf1 Qa4 28. Rf8+ Ke7 29. R1f6 Qd4+ 30. Kf1 Qc4+ 31. Kg1 Nc5 32. h3 Nd7 0-1

[Event "Sao Paulo zt"]
[Site "Sao Paulo"]
[Date "1995.??.??"]
[Round "8"]
[White "Correa, Aron Antunes"]
[Black "Vescovi, Giovanni P"]
[Result "1-0"]
[WhiteElo "2345"]
[BlackElo "2465"]
[PlyCount "167"]
[EventDate "1995.03.??"]
[EventType "swiss"]
[EventRounds "9"]
[EventCountry "BRA"]
[SourceTitle "CBM 047 Extra"]
[Source "ChessBase"]
[SourceDate "1995.09.01"]
[SourceVersion "1"]
[SourceVersionDate "1995.09.01"]
[SourceQuality "1"]

1. Nf3 d5 2. c4 e6 3. b3 Nf6 4. Bb2 Be7 5. g3 0-0 6. Bg2 c6 7. 0-0 Nbd7 8. d3 Bd6 9. Nc3 Qe7 10. Rc1 Rd8 11. Qc2 dxc4 12. dxc4 e5 13. Rfd1 Nf8 14. e3 Bg4 15. Rd2 h6 16. h3 Be6 17. Rcd1 Bc7 18. Nb1 Ng6 19. Ba3 Qe8 20. Nc3 Ba5 21. Rxd8 Rxd8 22. Na4 Rxd1+ 23. Qxd1 Nd7 24. Qd6 Bd8 25. Bb2 Qe7 26. Qd2 f5 27. h4 Bc7 28. Bc3 f4 29. Qd3 Ngf8 30. exf4 exf4 31. Nd4 fxg3 32. fxg3 Ne5 33. Qe4 Bc8 34. Nf5 Qf6 35. Bh3 Kh8 36. Kg2 b5 37. Nc5 bxc4 38. bxc4 g6 39. Nd3 gxf5 40. Bxe5 fxe4 41. Bxf6+ Kg8 42. Bxc8 exd3 43. Bc3 Ng6 44. Be6+ Kf8 45. Kf3 Ke7 46. Bf5 Ne5+ 47. Ke4 Nxc4 48. Kxd3 Nd6 49. Bh3 Nf7 50. g4 Bg3 51. h5 Kd6 52. Bd2 Ng5 53. Bg2 Be5 54. Be3 a6 55. Kc4 Bg7 56. Bf4+ Kd7 57. a4 Bf8 58. Bf1 Ne6 59. Be3 Kd6 60. Bg2 Kd7 61. Be4 Ng5 62. Bf5+ Kc7 63. a5 Nf7 64. Bb6+ Kb7 65. Be6 Ng5 66. Bd7 Nf3 67. Bf5 Bg7 68. Bd8 Ne5+ 69. Kc5 Nf7 70. Be7 Bb2 71. Kc4 Be5 72. Bf8 Kc7 73. Kd3 Bf4 74. Ke4 Bd2 75. Bg6 Nd6+ 76. Ke5 Nc4+ 77. Kf6 Bg5+ 78. Kg7 Ne5 79. Bf5 Nd7 80. Bxd7 Kxd7 81. Kg6 Be3 82. Bxh6 Bxh6 83. Kxh6 c5 84. Kg5 1-0

[Event "Sao Paulo zt"]
[Site "Sao Paulo"]
[Date "1995.??.??"]
[Round "5"]
[White "Disconzi da Silva, Rodrigo"]
[Black "Correa, Aron Antunes"]
[Result "1-0"]
[WhiteElo "2370"]
[BlackElo "2345"]
[PlyCount "107"]
[EventDate "1995.03.??"]
[EventType "swiss"]
[EventRounds "9"]
[EventCountry "BRA"]
[SourceTitle "CBM 047 Extra"]
[Source "ChessBase"]
[SourceDate "1995.09.01"]
[SourceVersion "1"]
[SourceVersionDate "1995.09.01"]
[SourceQuality "1"]

1. d4 d6 2. c4 e5 3. Nf3 Nd7 4. Nc3 g6 5. e4 Bg7 6. d5 Ngf6 7. h3 Nc5 8. Qc2 a5 9. Bg5 h6 10. Be3 0-0 11. Nd2 Nh5 12. 0-0-0 f5 13. Be2 Nf4 14. Bf1 Nh5 15. Kb1 b6 16. Be2 Nf4 17. Bf3 Nfd3 18. Nf1 f4 19. Bxc5 Nxc5 20. Bg4 Ba6 21. Na4 Qh4 22. Nh2 Nxa4 23. Nf3 Qe7 24. Qxa4 Rfb8 25. Bd7 b5 26. Bxb5 Bxb5 27. cxb5 Qd7 28. Rd3 Qxb5 29. Qxb5 Rxb5 30. Nd2 Bf6 31. Rc1 Bd8 32. Rb3 Rxb3 33. Nxb3 Kf7 34. Rc4 a4 35. Nc1 Ke8 36. Kc2 Kd7 37. Nd3 Bh4 38. Kd2 h5 39. Ke2 Bg5 40. Rb4 Bd8 41. Rb7 Kc8 42. Rb5 Ra6 43. Nb4 Rb6 44. Rxb6 cxb6 45. Nc6 Bh4 46. Na7+ Kb7 47. Nb5 Be7 48. Nc3 a3 49. b4 Ka6 50. Kd3 Bh4 51. f3 Be1 52. Kc4 Bxc3 53. Kxc3 g5 54. Kc4 1-0

[Event "BRA-ch62"]
[Site "Brazil"]
[Date "1995.??.??"]
[Round "10"]
[White "Fernandez, Rodrigo Amaral"]
[Black "Correa, Aron Antunes"]
[Result "1/2-1/2"]
[WhiteElo "2300"]
[BlackElo "2375"]
[PlyCount "81"]
[EventDate "1995.??.??"]
[EventType "tourn"]
[EventRounds "11"]
[EventCountry "BRA"]
[EventCategory "5"]
[SourceTitle "EXT 2001"]
[Source "ChessBase"]
[SourceDate "2000.11.22"]
[SourceVersion "1"]
[SourceVersionDate "2000.11.22"]
[SourceQuality "1"]

1. d4 Nf6 2. c4 g6 3. Nc3 d5 4. cxd5 Nxd5 5. Nf3 Bg7 6. Qb3 Nb6 7. Bf4 0-0 8. Rd1 c6 9. e4 Bg4 10. Be2 N8d7 11. h3 Bxf3 12. Bxf3 e5 13. dxe5 Qc7 14. 0-0 Nxe5 15. Be2 Nf3+ 16. Bxf3 Qxf4 17. Rd3 Rfd8 18. Rfd1 Rxd3 19. Rxd3 Qc1+ 20. Rd1 Qg5 21. g3 h5 22. h4 Qc5 23. Ne2 Be5 24. Rc1 Qa5 25. Rd1 Re8 26. Kg2 Re7 27. Nc1 Na4 28. Nd3 Nc5 29. Nxc5 Qxc5 30. Rd2 Kg7 31. Qd3 Re6 32. b3 Qb4 33. Qc2 a5 34. Rd7 b5 35. Be2 Bd4 36. Bd3 Rf6 37. f4 Rd6 38. Rxd6 Qxd6 39. e5 Qb4 40. Qe2 Qc3 41. Be4 1/2-1/2

[Event "BRA-ch62"]
[Site "Brazil"]
[Date "1995.??.??"]
[Round "3"]
[White "Leitao, Rafael Duailibe"]
[Black "Correa, Aron Antunes"]
[Result "1-0"]
[WhiteElo "2310"]
[BlackElo "2375"]
[PlyCount "47"]
[EventDate "1995.??.??"]
[EventType "tourn"]
[EventRounds "11"]
[EventCountry "BRA"]
[EventCategory "5"]
[SourceTitle "EXT 2001"]
[Source "ChessBase"]
[SourceDate "2000.11.22"]
[SourceVersion "1"]
[SourceVersionDate "2000.11.22"]
[SourceQuality "1"]

1. d4 c5 2. e4 cxd4 3. Nf3 Qa5+ 4. c3 dxc3 5. Nxc3 Nc6 6. Bc4 d6 7. 0-0 Nf6 8. Bf4 a6 9. Rc1 Ne5 10. Nxe5 dxe5 11. Bd2 Qd8 12. Nd5 Nxd5 13. exd5 g6 14. Bc3 Bg7 15. f4 Qd6 16. Qe2 f6 17. fxe5 fxe5 18. a3 Bd7 19. Bb4 Qb6+ 20. Kh1 Rc8 21. d6 e6 22. Qg4 Rxc4 23. Qxc4 Qe3 24. Qh4 1-0

[Event "Sao Paulo zt"]
[Site "Sao Paulo"]
[Date "1995.??.??"]
[Round "2"]
[White "Urday Caceres, Henry"]
[Black "Correa, Aron Antunes"]
[Result "1-0"]
[WhiteElo "2440"]
[BlackElo "2345"]
[PlyCount "33"]
[EventDate "1995.03.??"]
[EventType "swiss"]
[EventRounds "9"]
[EventCountry "BRA"]
[SourceTitle "CBM 047 Extra"]
[Source "ChessBase"]
[SourceDate "1995.09.01"]
[SourceVersion "1"]
[SourceVersionDate "1995.09.01"]
[SourceQuality "1"]

1. d4 Nf6 2. Nf3 c5 3. d5 b5 4. Bg5 e6 5. Nc3 b4 6. Na4 Qa5 7. Bxf6 gxf6 8. b3 f5 9. e4 Bg7 10. Rb1 Bb7 11. Bc4 fxe4 12. Ng5 0-0 13. Qh5 h6 14. Nxe4 Na6 15. 0-0 Nc7 16. Nexc5 Bxd5 17. Nb7 1-0

[Event "BRA-ch60"]
[Site "Brasilia"]
[Date "1994.01.??"]
[Round "10"]
[White "Correa, Aron Antunes"]
[Black "Dos Santos, Haroldo Cunha Jr"]
[Result "1-0"]
[WhiteElo "2345"]
[BlackElo "2250"]
[PlyCount "59"]
[EventDate "1994.??.??"]
[EventType "tourn"]
[EventRounds "11"]
[EventCountry "BRA"]
[SourceTitle "EXT 2000"]
[Source "ChessBase"]
[SourceDate "1999.11.16"]
[SourceVersion "1"]
[SourceVersionDate "1999.11.16"]
[SourceQuality "1"]

1. c4 c6 2. Nc3 d5 3. d4 Nf6 4. Bg5 e6 5. cxd5 exd5 6. e3 Be7 7. Qc2 0-0 8. Bd3 Nbd7 9. Nge2 Re8 10. 0-0 Nf8 11. Rab1 Bg4 12. f3 Bh5 13. Ng3 Bg6 14. Nf5 Bxf5 15. Bxf5 Nh5 16. Bxe7 Qxe7 17. Rbe1 Qg5 18. f4 Qe7 19. g4 Nf6 20. g5 N6d7 21. Qg2 Nb6 22. Bd3 Rad8 23. Kh1 a6 24. f5 Qd6 25. Nd1 c5 26. dxc5 Qxc5 27. Qh3 Nc4 28. f6 g6 29. Rf4 Ne5 30. Qh6 1-0

[Event "Americana op"]
[Site "Brazil"]
[Date "1994.01.??"]
[Round "?"]
[White "Correa, Aron Antunes"]
[Black "Steinhoff, Igor Muramatsu"]
[Result "1-0"]
[WhiteElo "2345"]
[BlackElo "2230"]
[PlyCount "75"]
[EventDate "1994.01.??"]
[EventType "swiss"]
[EventRounds "9"]
[EventCountry "BRA"]
[SourceTitle "EXT 2004"]
[Source "ChessBase"]
[SourceDate "2003.11.25"]
[SourceVersion "1"]
[SourceVersionDate "2003.11.25"]
[SourceQuality "1"]

1. d4 Nf6 2. Nf3 g6 3. c4 Bg7 4. Nc3 0-0 5. g3 d6 6. Bg2 Nbd7 7. 0-0 e5 8. h3 c6 9. e4 Qb6 10. d5 cxd5 11. cxd5 Nc5 12. Nd2 Ne8 13. Nc4 Qa6 14. Na3 Nd3 15. Qe2 f5 16. exf5 Nxc1 17. Qxa6 bxa6 18. f6 Bh6 19. Rd1 Rb8 20. Nc4 Bf5 21. Bf1 Bc2 22. Rdxc1 Bxc1 23. Rxc1 Bf5 24. g4 Bd7 25. g5 Rc8 26. h4 Rf7 27. Na5 Rb8 28. b3 Nc7 29. Ne4 Nxd5 30. Nxd6 Rff8 31. Rc5 Be6 32. Bc4 Nf4 33. Bxe6+ Nxe6 34. Rxe5 Nd4 35. Re7 Nf5 36. Nxf5 gxf5 37. Rg7+ Kh8 38. Nc4 1-0

[Event "BRA-ch60"]
[Site "Brasilia"]
[Date "1994.01.??"]
[Round "5"]
[White "De Toledo, James Mann"]
[Black "Correa, Aron Antunes"]
[Result "0-1"]
[WhiteElo "2360"]
[BlackElo "2345"]
[PlyCount "82"]
[EventDate "1994.??.??"]
[EventType "tourn"]
[EventRounds "11"]
[EventCountry "BRA"]
[SourceTitle "EXT 2000"]
[Source "ChessBase"]
[SourceDate "1999.11.16"]
[SourceVersion "1"]
[SourceVersionDate "1999.11.16"]
[SourceQuality "1"]

1. Nf3 d5 2. g3 c6 3. Bg2 Nd7 4. 0-0 e5 5. d3 Bd6 6. e4 Ngf6 7. Nc3 0-0 8. Nh4 dxe4 9. dxe4 Bb4 10. Nb1 Nb6 11. c3 Qxd1 12. Rxd1 Bg4 13. Re1 Bc5 14. h3 Be6 15. Nf5 Rfd8 16. Nd2 Nfd7 17. Nb3 Bf8 18. Na5 Nc4 19. Nxc4 Bxc4 20. Bf1 Be6 21. Be3 Nc5 22. f3 Na4 23. Re2 Rd7 24. Rc2 Rad8 25. Kf2 f6 26. b3 Nc5 27. g4 g6 28. Ng3 b5 29. Be2 a5 30. Nf1 a4 31. b4 Nd3+ 32. Bxd3 Rxd3 33. a3 Be7 34. Rac1 f5 35. Rd2 Bh4+ 36. Kg2 Rxd2+ 37. Bxd2 Bc4 38. Be3 f4 39. Bb6 Rd7 40. Rc2 Rd1 41. Nd2 Bd3 0-1

[Event "BRA-ch60"]
[Site "Brasilia"]
[Date "1994.01.??"]
[Round "3"]
[White "Egoroff, Jomar"]
[Black "Correa, Aron Antunes"]
[Result "0-1"]
[WhiteElo "2280"]
[BlackElo "2345"]
[PlyCount "98"]
[EventDate "1994.??.??"]
[EventType "tourn"]
[EventRounds "11"]
[EventCountry "BRA"]
[SourceTitle "EXT 2000"]
[Source "ChessBase"]
[SourceDate "1999.11.16"]
[SourceVersion "1"]
[SourceVersionDate "1999.11.16"]
[SourceQuality "1"]

1. e4 e5 2. Nf3 Nc6 3. Bc4 Nf6 4. d3 Be7 5. 0-0 0-0 6. Re1 d6 7. c3 Na5 8. Bb3 Nxb3 9. axb3 c6 10. Nbd2 Re8 11. b4 Qc7 12. d4 Bf8 13. dxe5 dxe5 14. Nf1 g6 15. Bg5 Nh5 16. Be3 a5 17. N1d2 b5 18. Nb3 a4 19. Nc5 Bxc5 20. Bxc5 Rd8 21. Qe2 Nf4 22. Qe3 Rd3 23. Qc1 Bg4 24. Be3 Bxf3 25. gxf3 Rad8 26. Kf1 Qd7 27. Bxf4 Qh3+ 28. Kg1 exf4 29. Qxf4 Rxf3 30. Qg5 f6 31. Qg2 Rd2 32. Qxh3 Rxh3 33. Kg2 Rhd3 34. Rab1 Rc2 35. Red1 Rxb2 36. Rxb2 Rxd1 37. Rc2 Rb1 38. Kf3 a3 39. Ke3 Rb2 40. Rc1 a2 41. Ra1 Kf7 42. Kd4 Rc2 43. f4 Ke6 44. h4 h6 45. Kd3 Rb2 46. Kd4 g5 47. hxg5 hxg5 48. fxg5 fxg5 49. Kc5 g4 0-1

[Event "BRA-ch60"]
[Site "Brasilia"]
[Date "1994.01.??"]
[Round "1"]
[White "Leitao, Rafael Duailibe"]
[Black "Correa, Aron Antunes"]
[Result "1-0"]
[WhiteElo "2315"]
[BlackElo "2345"]
[PlyCount "95"]
[EventDate "1994.??.??"]
[EventType "tourn"]
[EventRounds "11"]
[EventCountry "BRA"]
[SourceTitle "EXT 2000"]
[Source "ChessBase"]
[SourceDate "1999.11.16"]
[SourceVersion "1"]
[SourceVersionDate "1999.11.16"]
[SourceQuality "1"]

1. d4 d5 2. c4 e6 3. Nc3 c6 4. Nf3 Nf6 5. e3 Bd6 6. Be2 0-0 7. 0-0 Nbd7 8. Qc2 dxc4 9. Bxc4 e5 10. a3 Qe7 11. h3 e4 12. Ng5 Nb6 13. Ba2 Bf5 14. f3 Rae8 15. fxe4 Bg6 16. Qf2 Nh5 17. e5 Bxe5 18. dxe5 Qxg5 19. g4 Rxe5 20. e4 Qe7 21. gxh5 Rxh5 22. Qg2 Rd8 23. Bf4 Rd3 24. Rf3 Rxf3 25. Qxf3 h6 26. Rd1 Kh7 27. Kh2 Nd7 28. Qg3 Ne5 29. Rg1 a5 30. Bxf7 Qxf7 31. Bxe5 Rg5 32. Qf4 Qb3 33. Rxg5 hxg5 34. Qd2 b5 35. Ne2 Bxe4 36. Qxg5 Bg6 37. Qh4+ Kg8 38. Qd8+ Kh7 39. Qf8 Qf7 40. Qxf7 Bxf7 41. Nd4 Bd5 42. Nf5 g6 43. Ne7 Be4 44. b4 axb4 45. axb4 Kh6 46. Kg3 Bh1 47. Bf6 Kh5 48. Kf4 1-0

[Event "BRA-ch60"]
[Site "Brasilia"]
[Date "1994.01.??"]
[Round "7"]
[White "Pelikian, Jefferson"]
[Black "Correa, Aron Antunes"]
[Result "1/2-1/2"]
[WhiteElo "2295"]
[BlackElo "2345"]
[PlyCount "85"]
[EventDate "1994.??.??"]
[EventType "tourn"]
[EventRounds "11"]
[EventCountry "BRA"]
[SourceTitle "EXT 2000"]
[Source "ChessBase"]
[SourceDate "1999.11.16"]
[SourceVersion "1"]
[SourceVersionDate "1999.11.16"]
[SourceQuality "1"]

1. e4 e6 2. d4 d5 3. Nd2 c5 4. Ngf3 cxd4 5. exd5 Qxd5 6. Bc4 Qd6 7. 0-0 Nf6 8. Nb3 Nc6 9. Nbxd4 Nxd4 10. Qxd4 Qxd4 11. Nxd4 Bd7 12. Be2 Bc5 13. Nb3 Bb6 14. Bf3 Rc8 15. c3 Bc6 16. Bxc6+ Rxc6 17. Bf4 Ke7 18. Rad1 Rd8 19. Rxd8 Kxd8 20. Rd1+ Ke7 21. Kf1 Rc8 22. Ke2 Nd5 23. Bg3 a5 24. Nd4 Rxc3 25. Nf5+ exf5 26. Rxd5 Rc2+ 27. Rd2 Rxd2+ 28. Kxd2 f4 29. Bh4+ f6 30. f3 Ke6 31. Kd3 Kd5 32. Be1 Bd4 33. Bxa5 Bxb2 34. Bd2 g5 35. Bb4 f5 36. h3 h5 37. Be7 g4 38. Bg5 Bc1 39. Be7 Be3 40. Bb4 b5 41. Be7 Bc5 42. Bd8 Bd6 43. Bb6 1/2-1/2

[Event "BRA-ch60"]
[Site "Brasilia"]
[Date "1994.01.??"]
[Round "9"]
[White "Vescovi, Giovanni P"]
[Black "Correa, Aron Antunes"]
[Result "1-0"]
[WhiteElo "2430"]
[BlackElo "2345"]
[PlyCount "65"]
[EventDate "1994.??.??"]
[EventType "tourn"]
[EventRounds "11"]
[EventCountry "BRA"]
[SourceTitle "EXT 2000"]
[Source "ChessBase"]
[SourceDate "1999.11.16"]
[SourceVersion "1"]
[SourceVersionDate "1999.11.16"]
[SourceQuality "1"]

1. e4 d6 2. d4 Nf6 3. Nc3 g6 4. Nf3 Bg7 5. Be2 0-0 6. 0-0 Bg4 7. Be3 Nc6 8. d5 Nb8 9. Nd4 Bxe2 10. Qxe2 c5 11. Nb3 Na6 12. Rad1 Nc7 13. e5 Nd7 14. exd6 exd6 15. Ne4 f5 16. Nxd6 f4 17. Bc1 Ne5 18. Nxb7 Qc8 19. N7xc5 f3 20. Qe4 fxg2 21. Kxg2 Rb8 22. f4 Qg4+ 23. Kh1 Nf7 24. Qg2 Qh5 25. Nd7 Rbe8 26. Qf3 Qxf3+ 27. Rxf3 Ne5 28. Nxe5 Bxe5 29. c4 Bf6 30. Nc5 Re2 31. Nd7 Rf7 32. Nxf6+ Rxf6 33. d6 1-0